| 000 | 00544nam a22001817a 4500 | ||
|---|---|---|---|
| 001 | T027600008607 | ||
| 008 | 181111b xve|||||r|||| 00| | esp d | ||
| 099 |
_aIVP-D-05142 _b |
||
| 100 | _aTORREALBA, RICARDO | ||
| 245 | _aLa Migración Internacional Hacia Venezuela en la Década de 1970. Características Socio-Demográficas. 1982. | ||
| 260 | _a | ||
| 500 | _a | ||
| 650 | _aHistoria Oral--Investigaciones--Caño Amarillo-Caracas | ||
| 650 | _aHistoria Local--Proyectos | ||
| 650 | _aVenezuela. | ||
| 650 | _aEspañol. | ||
| 942 | _cLIB | ||
| 999 |
_c9734 _d9734 |
||